[Event "NED-chT 1415"]
[Site "Netherlands"]
[Date "2014.12.13"]
[Round "4.3"]
[White "Riemersma, Liafbern"]
[Black "Ypma, Peter"]
[Result "1-0"]
[WhiteElo "2432"]
[BlackElo "2209"]
[PlyCount "127"]
[EventDate "2014.09.27"]
[EventType "team-tourn"]
[EventRounds "9"]
[EventCountry "NED"]
[SourceTitle "EXT 2016"]
[Source "ChessBase"]
[SourceDate "2015.10.08"]
[SourceVersion "1"]
[SourceVersionDate "2015.10.08"]
[SourceQuality "1"]
[WhiteTeam "BSG"]
[BlackTeam "Utrecht"]
[WhiteTeamCountry "NED"]
[BlackTeamCountry "NED"]

1. c4 c6 2. Nf3 d5 3. g3 dxc4 4. Bg2 b5 5. a4 Bb7 6. b3 cxb3 7. Qxb3 e6 8. axb5 Qd5 9. Qe3 Qxb5 10. 0-0 Nf6 11. Nc3 Qb6 12. d4 Be7 13. Ba3 Bxa3 14. Na4 Qb4 15. Rxa3 Nd5 16. Qc1 Nd7 17. e4 N5b6 18. Nc5 Nxc5 19. dxc5 Nd7 20. Qa1 Qxc5 21. Ra5 Qe7 22. Qxg7 Qf6 23. Qxf6 Nxf6 24. Rb1 Bc8 25. Ne5 0-0 26. Nxc6 a6 27. Ne7+ Kg7 28. e5 Nd5 29. Bxd5 exd5 30. Nxc8 Rfxc8 31. Rb6 d4 32. Rd6 Rc1+ 33. Kg2 Rd1 34. Raxa6 Rxa6 35. Rxa6 Re1 36. f4 Re2+ 37. Kh3 d3 38. Rd6 d2 39. g4 h6 40. Kg3 Kf8 41. h4 Re3+ 42. Kg2 Re2+ 43. Kf3 Rh2 44. Kg3 Re2 45. g5 h5 46. Kf3 Rh2 47. Kg3 Re2 48. Kf3 Rh2 49. Ke3 Rxh4 50. Rxd2 Rh1 51. Rd6 Kg7 52. Rh6 Re1+ 53. Kf3 Rf1+ 54. Ke4 Rh1 55. Kf5 Rh2 56. Ra6 Rg2 57. Ra7 h4 58. e6 h3 59. Rxf7+ Kg8 60. Kg6 Re2 61. f5 h2 62. Rg7+ Kf8 63. Rh7 Kg8 64. Rh4 1-0

[Event "NED-chT 1415"]
[Site "Netherlands"]
[Date "2014.11.22"]
[Round "3.7"]
[White "Ypma, Peter"]
[Black "Paulet, Iozefina"]
[Result "1-0"]
[WhiteElo "2209"]
[BlackElo "2220"]
[PlyCount "85"]
[EventDate "2014.09.27"]
[EventType "team-tourn"]
[EventRounds "9"]
[EventCountry "NED"]
[SourceTitle "EXT 2016"]
[Source "ChessBase"]
[SourceDate "2015.10.08"]
[SourceVersion "1"]
[SourceVersionDate "2015.10.08"]
[SourceQuality "1"]
[WhiteTeam "Utrecht"]
[BlackTeam "Groningen"]
[WhiteTeamCountry "NED"]
[BlackTeamCountry "NED"]

1. d4 Nf6 2. c4 e6 3. g3 d5 4. Nf3 Bb4+ 5. Nbd2 0-0 6. Bg2 dxc4 7. Qc2 c5 8. Qxc4 Nc6 9. dxc5 e5 10. 0-0 Be6 11. Qc2 Rc8 12. a3 Qa5 13. Nb3 Bxb3 14. Qxb3 Bxc5 15. Bd2 Qa6 16. Rac1 Ne4 17. Be3 Nd4 18. Bxd4 exd4 19. Qd3 Qxd3 20. exd3 Nd6 21. Ne5 Bb6 22. Bh3 Rxc1 23. Rxc1 h6 24. Nd7 Rd8 25. Nxb6 axb6 26. Rc7 g6 27. Bg2 Re8 28. Bxb7 Re1+ 29. Kg2 Rd1 30. Bd5 Rxd3 31. Rd7 Ne8 32. Rd8 Kf8 33. Bc6 Ke7 34. Rxe8+ Kd6 35. Bf3 Rb3 36. Re2 d3 37. Rd2 Ke5 38. Bc6 b5 39. Be8 Kf6 40. Kf3 g5 41. Ke4 b4 42. a4 Ke7 43. Bb5 1-0

[Event "Dieren op"]
[Site "Dieren"]
[Date "2014.07.31"]
[Round "9"]
[White "Ypma, Peter"]
[Black "Dijkhuis, Sven"]
[Result "1-0"]
[WhiteElo "2203"]
[BlackElo "1988"]
[PlyCount "55"]
[EventDate "2014.07.22"]
[EventType "swiss"]
[EventRounds "9"]
[EventCountry "NED"]
[SourceTitle "CBM 161 Extra"]
[Source "ChessBase"]
[SourceDate "2014.08.29"]
[SourceVersion "1"]
[SourceVersionDate "2014.08.29"]
[SourceQuality "1"]

1. c4 e5 2. Nc3 Nc6 3. Nf3 Bc5 4. e3 d6 5. d4 exd4 6. exd4 Bb6 7. b4 a6 8. Bg5 f6 9. Be3 Nge7 10. Qb3 Nf5 11. c5 Ba7 12. Bc4 Nce7 13. Bf4 b5 14. Bf7+ Kf8 15. g4 Bb7 16. Bh5 g6 17. gxf5 gxh5 18. Qe6 Ng8 19. cxd6 Bxf3 20. dxc7 Qe8 21. Bd6+ Kg7 22. Rg1+ Bg4 23. d5 Nh6 24. Ne4 Qf7 25. Be7 Ng8 26. Bd8 Qxe6 27. fxe6 Bb6 28. h3 1-0